00522nam a2200169 a 450000100060000000300090000600800410001504000280005608200190008410000220010324500810012526000460020630000100025265000450026265000190030765000260032613084CO-ViMGA141112s2004 ck r 000 u spa d aCO-ViMGAbspacCO-ViMGA04a327.73098 S7811 aFagen, R. Richard10aLatin América and the United States : bThe changing Polítical Realities aNewyork londo : bApleton Century co 1992 a416p.14aAmérica LATINA - RELACIONES EXTERIORES14aESTADOS UNIDOS14aRELACIONES EXTERIORES